000 00578cam a2200241 4500
008 090401t1991 xxu||||| |||| 00| 0 eng d
020 _a0851217761
035 _a(Sirsi) u63391
041 _aeng
050 _a346.4407
100 _aHudson, Alexis Maitland
245 _aFrance: practical commercial law.
260 _aLondon
_bLongman
_c1991
300 _axii,209p. ; 22cm.
350 _a30
490 _aEuropean Commercial Law Series
650 _aCOMMERCIAL LAW
650 _aFRANCE
650 _aLAW
690 _aLAW
942 _n0
948 _c04/03/1997
999 _c94547
_d94547